|
|
|
|
| LEADER |
00000nab a2200000 a 4500 |
| 001 |
vtls009300418 |
| 003 |
SK-MaSNL |
| 005 |
20260304152038.0 |
| 008 |
250506c2008 xo |||||||||||000 b|slo |
| 015 |
|
|
|a SNBRB2008/06
|2 snkbucl
|
| 035 |
|
|
|a (uuid)03ecb8b0-d05e-4d4f-ac9d-d3e15e4d140d
|
| 035 |
|
|
|a urn:nbn:sk:snk-ab12kb
|
| 035 |
|
|
|a (urnnbn)urn:nbn:sk:snk:ar-a00sxm
|
| 038 |
|
|
|a SNKBUCL
|
| 040 |
|
|
|a SNKBUCL
|b slo
|c SNKBUCL
|e AACR2
|
| 041 |
0 |
|
|a slo
|
| 044 |
|
|
|a xo
|c SK
|
| 080 |
|
|
|a 638.145.5:061.3
|x (437.6)
|2 1997
|
| 100 |
1 |
|
|a Zábojníková, Anna
|4 aut
|9 588849
|
| 245 |
1 |
0 |
|a Jarné stretnutie chovateľov včelích matiek
|c Anna Zábojníková
|
| 650 |
0 |
7 |
|a včelie matky
|2 snkbucl
|9 51093
|
| 650 |
0 |
7 |
|a chov včiel
|2 snkbucl
|9 57250
|
| 650 |
0 |
7 |
|a podujatia
|2 snkbucl
|9 405652
|
| 773 |
0 |
|
|t Včelár
|g Roč. LXXXII, č. 6 (2008), s. 87
|x 0139-6064
|
| 850 |
|
|
|a Slovenská národná knižnica
|
| 852 |
|
|
|a Slovenská národná knižnica
|
| 954 |
|
|
|a odborná, vedecká literatúra pôvodná (slovenská)
|2 lita
|
| 958 |
|
|
|a article27
|
| 958 |
|
|
|a OND
|
| 958 |
|
|
|a SK
|
| 958 |
|
|
|a EUIPO
|
| 999 |
|
|
|c 2946949
|d 2948879
|